Les plus grandes villes des Hauts-de-France - Statistiques

Statistiques générales
  • Ce quiz a été pris 114 fois
  • Le résultat moyen est 13 sur 20
Statistiques - réponses
Nombre d'habitants Ville % Correct
236 234 Lille
98%
86 545 Dunkerque
89%
134 167 Amiens
87%
98 066 Roubaix
87%
67 544 Calais
82%
99 165 Tourcoing
82%
42 337 Arras
80%
32 458 Lens
80%
42 738 Valenciennes
74%
40 588 Boulogne-sur-Mer
63%
53 100 Saint-Quentin
61%
56 889 Beauvais
60%
39 842 Douai
60%
61 258 Villeneuve-d'Ascq
53%
31 559 Cambrai
46%
40 453 Compiègne
45%
35 970 Creil
35%
41 015 Wattrelos
32%
38 604 Marcq-en-Baroeul
31%
30 102 Liévin
22%
Aucun quiz correspondant
Distribution des résultats
% des personnes avec chaque résultat
Percentile par nombre de réponses
Votre historique - résultats
Vous n’avez pas pris ce quiz